00972nam a2200229 a 450000100100000000500170001000800410002702000150006804000250008308200240010810000490013224500740018125000120025526000480026730000170031550000320033291000370036495201080040195201080050995201080061799900170072500002632620200930024510.0091012s1982 dr 000 0 spa d a8484010252 aDO-SdBNPbspacBNPHU a972.93bG216c, 19821 aGarcía, José Gabriel,d1834-1910.92615310aCompendio de la historia de Santo Domingo /cJosé Gabriel García. a2a. ed. aSanto Domingo :bCentral de libros ,c1982. av. ;c25 cm. aLa biblioteca posee el v. 4 aValidado. Control de calidad MFF 0010718PDaPDbPDcHDd2011-03-12iLF1l0ov. 1p26326-10r2020-06-25w2020-06-25yLFPDZNo se presta 0011718PDaPDbPDcMId2011-08-17iLF1l0ov. 3p26326-20r2020-06-25w2020-06-25yLFPDZNo se presta 0010718PDaPDbPDcHDd2011-08-17iLF1l0ov. 4p26326-30r2020-06-25w2020-06-25yLFPDZNo se presta c25818d25818